[Event "Titled Tue 1st Jul Late"]
[Site "chess.com INT"]
[Date "2025.07.01"]
[Round "3"]
[White "Tan, Zhongyi"]
[Black "Deac, Bogdan-Daniel"]
[Result "0-1"]
[WhiteTitle "GM"]
[BlackTitle "GM"]
[WhiteElo "2546"]
[BlackElo "2674"]
[WhiteFideId "8603642"]
[BlackFideId "1226380"]
[EventDate "2025.07.01"]

1. e4 e5 2. Nf3 Nc6 3. Bb5 a6 4. Ba4 Nf6 5. O-O Bc5 6. c3 b5 7. Bc2 d5 8. exd5
Qxd5 9. Nxe5 Nxe5 10. d4 Bb7 11. f3 Bb6 12. Bb3 Nc4 13. Re1+ Kd7 14. Nd2 Rae8
15. Nf1 Kc8 16. a4 Rxe1 17. Qxe1 Re8 18. Qg3 c5 19. Ne3 Qe6 20. axb5 axb5 21.
Bxc4 bxc4 22. d5 Nxd5 23. Nxd5 Bxd5 24. Bf4 g6 25. h3 Kb7 26. Kh2 Bc6 27. Rd1 f6
28. Rd6 Qe7 29. Qf2 Rd8 30. Rxd8 Qxd8 31. Bg3 Qe7 32. Qf1 Qe6 33. Qa1 g5 34. Qc1
h6 35. Qd2 f5 36. Bf2 g4 37. Bg3 gxf3 38. Qf4 fxg2 39. Qb8+ Ka6 40. Bc7 g1=Q+
41. Kxg1 Qe1+ 42. Kh2 Qf2# 0-1

[Event "Titled Tue 1st Jul Late"]
[Site "chess.com INT"]
[Date "2025.07.01"]
[Round "3"]
[White "Madaminov, Mukhiddin"]
[Black "Shuvalova, Polina"]
[Result "0-1"]
[WhiteTitle "GM"]
[BlackTitle "IM"]
[WhiteElo "2536"]
[BlackElo "2480"]
[WhiteFideId "14210703"]
[BlackFideId "24171760"]
[EventDate "2025.07.01"]

1. Nf3 Nf6 2. b3 g6 3. Bb2 Bg7 4. g3 O-O 5. Bg2 d5 6. O-O b6 7. c4 Bb7 8. d3 c5
9. e3 Nc6 10. Ne5 Nxe5 11. Bxe5 Qd7 12. Nc3 Rad8 13. Rc1 e6 14. Qe2 h5 15. h3
Qe7 16. Rfd1 Rd7 17. d4 cxd4 18. Rxd4 Rfd8 19. Rcd1 Ne4 20. Nxe4 Bxe5 21. cxd5
exd5 22. Nc3 Bxd4 23. Rxd4 Qe5 24. h4 Kg7 25. Qd2 Rd6 26. Bf1 R8d7 27. Nb5 Rf6
28. Nxa7 Rc7 29. Nb5 Rc5 30. Nc3 Qc7 31. Nb5 Qc8 32. Na7 Qe8 33. a4 Qa8 34. Nb5
Qc8 35. Na7 Qf5 36. Bd3 Qh3 37. Nb5 Ba6 38. b4 Rc8 39. Rxd5 Bb7 40. Bf1 Qg4 41.
Rd4 Qf3 42. e4 Bxe4 43. Rxe4 Qxe4 44. Nd6 Rxd6 45. Qxd6 Rc1 46. Qxb6 Qc4 47. Kh2
Qxf1 48. Qd4+ Kh7 49. Qd5 Qxf2+ 50. Kh3 Qf1+ 51. Kh2 Qg1+ 52. Kh3 Qh1+ 53. Qxh1
Rxh1+ 54. Kg2 Rb1 55. b5 Rb4 56. a5 Rxb5 0-1

[Event "Titled Tue 1st Jul Late"]
[Site "chess.com INT"]
[Date "2025.07.01"]
[Round "3"]
[White "Ashraf, Artin"]
[Black "Przybylski, Wojciech"]
[Result "1-0"]
[WhiteTitle "FM"]
[BlackTitle "FM"]
[WhiteElo "2407"]
[BlackElo "2340"]
[WhiteFideId "22514805"]
[BlackFideId "1117599"]
[EventDate "2025.07.01"]

1. d4 Nf6 2. c4 c6 3. Nf3 d5 4. e3 Bf5 5. Nc3 e6 6. Bd3 Bg6 7. O-O Nbd7 8. Nh4
Bd6 9. Nxg6 hxg6 10. g3 dxc4 11. Bxc4 O-O 12. e4 e5 13. dxe5 Nxe5 14. Be2 Bc5
15. Qc2 a5 16. Kg2 Ned7 17. f4 Re8 18. e5 Nd5 19. h4 Rc8 20. Ne4 Bf8 21. h5 gxh5
22. Ng5 g6 23. e6 f5 24. exd7 Qxd7 25. Bf3 Rcd8 26. Bd2 Bg7 27. Rae1 Bf6 28.
Bxa5 Ra8 29. Bd2 b5 30. a3 Qd6 31. Nh3 Rac8 32. Nf2 Red8 33. Re2 Nb6 34. Rfe1
Nc4 35. Bc1 c5 36. Re6 Qf8 37. b3 Nd6 38. Bb2 Bxb2 39. Qxb2 Nf7 40. Rxg6+ Kh7
41. Bxh5 c4 42. Qf6 cxb3 43. Re7 Rd7 44. Rxd7 1-0

[Event "Titled Tue 1st Jul Late"]
[Site "chess.com INT"]
[Date "2025.07.01"]
[Round "3"]
[White "Ternault, Mathieu"]
[Black "Coe, William"]
[Result "1-0"]
[WhiteTitle "FM"]
[WhiteElo "2275"]
[BlackElo "2078"]
[WhiteFideId "20641532"]
[BlackFideId "30913624"]
[EventDate "2025.07.01"]

1. e4 c5 2. Nc3 e6 3. f4 d5 4. Nf3 Nf6 5. Bb5+ Bd7 6. Qe2 a6 7. Bxd7+ Qxd7 8.
Ne5 Qd8 9. d3 dxe4 10. Nxe4 Be7 11. Nxf7 Kxf7 12. Ng5+ Kg6 13. Qxe6 Qd5 14. Qh3
Nc6 15. O-O Nd4 16. c3 h6 17. Ne4 Ne2+ 18. Kh1 Nxc1 19. Raxc1 Kf7 20. Rce1 Rhe8
21. c4 Qd4 22. Nc3 Bd6 23. Qf3 Rxe1 24. Rxe1 Rb8 25. g3 b5 26. cxb5 axb5 27. Qc6
b4 28. Ne4 Be7 29. Nd2 Qxd3 30. Qe6+ Kf8 31. Qxe7+ Kg8 32. Ne4 Qf3+ 33. Kg1 Re8
34. Nxf6+ gxf6 35. Qxe8+ Kg7 36. Re7# 1-0

[Event "Titled Tue 1st Jul Late"]
[Site "chess.com INT"]
[Date "2025.07.01"]
[Round "3"]
[White "Qiao, Cindy"]
[Black "Terkiewicz, Bruno"]
[Result "0-1"]
[WhiteTitle "WFM"]
[BlackTitle "CM"]
[WhiteElo "1899"]
[BlackElo "2183"]
[WhiteFideId "2620243"]
[BlackFideId "21093245"]
[EventDate "2025.07.01"]

1. d4 Nf6 2. Bf4 g6 3. Nc3 Bg7 4. e4 d6 5. Qd2 Nc6 6. O-O-O h5 7. h4 Nd7 8. Nge2
e5 9. dxe5 Ndxe5 10. f3 Be6 11. Nd4 Nxd4 12. Qxd4 O-O 13. Qe3 Nc4 14. Bxc4 Bxc4
15. g4 b5 16. gxh5 b4 17. Nd5 Bxd5 18. Rxd5 Qf6 19. e5 Qe6 20. Rdd1 dxe5 21. Bh6
Bh8 22. Bxf8 Rxf8 23. hxg6 fxg6 24. h5 Qxa2 25. hxg6 Bg7 26. Qb3+ Qxb3 27. cxb3
Rxf3 28. Rd8+ Bf8 29. Rc8 Kg7 30. Rg1 Bd6 31. Ra8 Bc5 32. Rg4 Rf6 33. Rc4 Bd6
34. Rxa7 Kxg6 35. Ra8 Rf1+ 36. Kd2 Kf5 37. Rxc7 Rf2+ 38. Ke3 Rxb2 39. Rf7+ Ke6
40. Rb7 Rxb3+ 41. Kd2 Rh3 42. Rb6 Rh2+ 43. Kd3 Kd5 44. Ra5+ Bc5 45. Rbb5 Rh3+
46. Kc2 Rc3+ 47. Kb2 Rc4 48. Rb8 Ke4 49. Rc8 Bd4+ 50. Kb3 Rxc8 51. Kxb4 Bc3+ 0-1

[Event "Titled Tue 1st Jul Late"]
[Site "chess.com INT"]
[Date "2025.07.01"]
[Round "3"]
[White "Assylov, Miras"]
[Black "Ibrahimli, Murad"]
[Result "1-0"]
[WhiteTitle "FM"]
[BlackTitle "IM"]
[WhiteElo "2319"]
[BlackElo "2448"]
[WhiteFideId "13728873"]
[BlackFideId "13410229"]
[EventDate "2025.07.01"]

1. c4 e5 2. Nc3 Nf6 3. d3 Bb4 4. Bd2 O-O 5. Nf3 d6 6. e3 a6 7. Be2 Re8 8. O-O
Nc6 9. a3 Bc5 10. b4 Ba7 11. Qc2 Bf5 12. b5 axb5 13. cxb5 Ne7 14. e4 Bg4 15. h3
Bxf3 16. Bxf3 Ng6 17. Be3 Bc5 18. a4 b6 19. a5 Bxe3 20. fxe3 bxa5 21. Ra4 Qb8
22. Rfa1 Qb6 23. Qd2 Nf4 24. d4 Ne6 25. Kh2 h6 26. h4 Ra7 27. Rb1 g5 28. g3 gxh4
29. gxh4 Kh8 30. Nd5 Nxd5 31. exd5 Nf8 32. e4 Kh7 33. Bg4 Ng6 34. Bf5 Kg7 35.
Rg1 Qxb5 36. h5 Qxa4 37. Bxg6 Rh8 38. Qf2 c5 39. Bxf7+ Kf8 40. Bg6+ Ke7 41. Qf7+
Kd8 42. Qxa7 Qxd4 43. Qb8+ Ke7 44. Qc7+ 1-0

[Event "Titled Tue 1st Jul Late"]
[Site "chess.com INT"]
[Date "2025.07.01"]
[Round "3"]
[White "Brozynski, Patryk"]
[Black "Boci, Mateu"]
[Result "0-1"]
[WhiteTitle "CM"]
[BlackTitle "FM"]
[WhiteElo "2192"]
[BlackElo "2274"]
[WhiteFideId "2512700"]
[BlackFideId "4704665"]
[EventDate "2025.07.01"]

1. e4 c5 2. Nf3 Nc6 3. d4 cxd4 4. Nxd4 Nf6 5. Nc3 e5 6. Ndb5 d6 7. Bg5 a6 8. Na3
b5 9. Bxf6 gxf6 10. Nd5 f5 11. c3 fxe4 12. Bxb5 axb5 13. Nxb5 Be6 14. Nbc7+ Kd7
15. Nxa8 Bxd5 16. Qxd5 Qxa8 17. Qxf7+ Be7 18. Qf5+ Kc7 19. Qxe4 Rg8 20. O-O h5
21. b4 Rg4 22. Qd5 Qg8 23. Qxg8 Rxg8 24. Rfd1 h4 25. a4 Rg4 26. Kf1 Rc4 27. Rac1
Bg5 28. Rb1 Rxc3 29. a5 Ra3 30. g3 h3 31. b5 Nxa5 32. b6+ Kc6 33. b7 Nxb7 34.
Rxb7 Kxb7 35. Rxd6 e4 36. Re6 e3 37. fxe3 Ra1+ 38. Kf2 Ra2+ 39. Kf3 Rxh2 40. Re5
Rh1 41. Rxg5 Rf1+ 42. Ke2 h2 43. Kxf1 h1=Q+ 44. Kf2 Qh2+ 45. Kf3 Qh1+ 46. Kf4
Qf1+ 47. Kg4 Qe2+ 48. Kf4 Qf2+ 49. Ke4 Kc6 50. Rg6+ Kd7 51. Rg4 Qc2+ 52. Kf4 Ke6
53. Rh4 Qa4+ 54. Kf3 Qc6+ 55. Kf2 Qc2+ 56. Kf3 Qd1+ 57. Kf4 Kf6 58. Rh6+ Kg7 59.
Re6 Qf1+ 60. Kg4 Qc4+ 61. Kf5 Qd3+ 62. Re4 Kf7 63. Ke5 Qb5+ 64. Kf4 Kf6 65. Rd4
Qf5# 0-1

[Event "Titled Tue 1st Jul Late"]
[Site "chess.com INT"]
[Date "2025.07.01"]
[Round "3"]
[White "Plichta, Kamil"]
[Black "Livaic, Leon"]
[Result "0-1"]
[WhiteTitle "FM"]
[BlackTitle "GM"]
[WhiteElo "2361"]
[BlackElo "2550"]
[WhiteFideId "1141830"]
[BlackFideId "14531534"]
[EventDate "2025.07.01"]

1. Nf3 d6 2. d4 Nf6 3. g3 g6 4. Bg2 Bg7 5. O-O O-O 6. b3 a5 7. a3 b5 8. Qd3 c6
9. e4 Ba6 10. Re1 Nfd7 11. Bb2 Qc7 12. Nbd2 e5 13. c4 bxc4 14. bxc4 exd4 15.
Bxd4 Ne5 16. Nxe5 dxe5 17. Bc5 Rd8 18. Qe3 Nd7 19. Be7 Rdb8 20. Rab1 Bf8 21.
Bxf8 Nxf8 22. Bf1 Ne6 23. Nf3 c5 24. Qh6 f6 25. h4 Nd4 26. Nxd4 cxd4 27. h5 Qg7
28. Qd2 gxh5 29. Qxa5 Rf8 30. Qd5+ Kh8 31. Kh2 h4 32. Bh3 hxg3+ 33. fxg3 Rad8
34. Qc6 Bc8 35. Bxc8 Rxc8 36. Qe6 Qh6+ 37. Kg2 Rg8 38. Rb6 Qd2+ 39. Kf1 Qd3+ 40.
Re2 Qf3+ 41. Rf2 Qh1+ 42. Ke2 Qxe4+ 43. Kf1 Qd3+ 44. Ke1 Rcf8 45. Rxf6 Qxg3+ 46.
Kd1 Qd3+ 47. Kc1 Rg1+ 48. Kb2 Qc3+ 49. Ka2 Ra1# 0-1

[Event "Titled Tue 1st Jul Late"]
[Site "chess.com INT"]
[Date "2025.07.01"]
[Round "3"]
[White "Papacek, Stepan"]
[Black "Rosenberg, Evan S"]
[Result "0-1"]
[WhiteTitle "FM"]
[WhiteElo "2225"]
[BlackElo "1989"]
[WhiteFideId "301035"]
[BlackFideId "2019299"]
[EventDate "2025.07.01"]

1. e4 e5 2. Nc3 Nf6 3. Nf3 Bb4 4. Nxe5 O-O 5. Nd3 Bxc3 6. dxc3 Nxe4 7. Be2 Re8
8. Nf4 Nc6 9. O-O d6 10. Be3 a5 11. a4 Ne5 12. c4 Bd7 13. Nd5 Rc8 14. Ra3 Qh4
15. Bd4 Nc6 16. Be3 Re6 17. g3 Qd8 18. Bf3 Nf6 19. Bg5 h6 20. Nxf6+ Rxf6 21.
Bxf6 Qxf6 22. Re3 Bh3 23. Bg2 Bxg2 24. Kxg2 Ne5 25. b3 Ng6 26. f4 Qf5 27. Qe2
Kh7 28. Rf2 Qc5 29. Kg1 Qc6 30. Qf3 Qb6 31. Kg2 Rd8 32. Rfe2 c6 33. h4 d5 34. h5
Nf8 35. Re8 Rxe8 36. Rxe8 Ne6 37. Qd3+ g6 38. hxg6+ Kg7 39. Re7 Nxf4+ 40. gxf4
Qf2+ 0-1

[Event "Titled Tue 1st Jul Late"]
[Site "chess.com INT"]
[Date "2025.07.01"]
[Round "3"]
[White "Beerdsen, Thomas"]
[Black "Erdogmus, Yagiz Kaan"]
[Result "0-1"]
[WhiteTitle "GM"]
[BlackTitle "GM"]
[WhiteElo "2538"]
[BlackElo "2626"]
[WhiteFideId "1030108"]
[BlackFideId "44599790"]
[EventDate "2025.07.01"]

1. e4 g6 2. d4 Nf6 3. Nc3 d5 4. e5 Ne4 5. h4 Nxc3 6. bxc3 h5 7. Nh3 Bxh3 8. Rxh3
e6 9. Rb1 b6 10. Bb5+ c6 11. Bd3 Be7 12. Qf3 Nd7 13. g4 b5 14. Qg2 hxg4 15. Qxg4
Qa5 16. Bd2 Qxa2 17. Rd1 Qa4 18. h5 Nxe5 19. hxg6 Kd7 20. g7 Rhg8 21. Qg2 Nxd3+
22. cxd3 Qc2 23. Rf3 f5 24. Re3 f4 25. Rxe6 Kxe6 26. Qg4+ Kf7 27. Qh5+ Kf6 28.
Bxf4 Qxc3+ 29. Kf1 Qxd4 30. Bg5+ Kxg7 31. Bxe7 Rh8 32. Qg5+ Kf7 33. Bc5 Qf6 34.
Qg4 Rh1+ 35. Ke2 Rxd1 36. Kxd1 Qg6 37. Qd7+ Kg8 38. Bd4 Qxd3+ 39. Kc1 Qc4+ 40.
Bc3 Qxc3+ 41. Kb1 Qf6 0-1

[Event "Titled Tue 1st Jul Late"]
[Site "chess.com INT"]
[Date "2025.07.01"]
[Round "3"]
[White "Goryachkina, Aleksandra"]
[Black "Estrada Nieto, Julian"]
[Result "0-1"]
[WhiteTitle "GM"]
[BlackTitle "IM"]
[WhiteElo "2533"]
[BlackElo "2181"]
[WhiteFideId "4147103"]
[BlackFideId "5101018"]
[EventDate "2025.07.01"]

1. e4 e5 2. Nf3 Nc6 3. Bb5 a6 4. Ba4 Nf6 5. O-O Be7 6. Re1 b5 7. Bb3 d6 8. c3
O-O 9. h3 Bb7 10. d4 Re8 11. Nbd2 Bf8 12. a3 h6 13. Bc2 Nb8 14. b3 c6 15. Bb2
Nbd7 16. a4 Qc7 17. Bd3 d5 18. dxe5 Nxe5 19. Nxe5 Qxe5 20. axb5 cxb5 21. Nf3 Qc7
22. e5 Nd7 23. Qd2 Nxe5 24. Nxe5 Rxe5 25. Rxe5 Qxe5 26. c4 Qe6 27. cxb5 axb5 28.
Rxa8 Bxa8 29. Bxb5 Bc6 30. Bf1 Qd7 31. Be2 Qb7 32. Qd3 Qb4 33. Qc3 Qb7 34. Bf3
f6 35. Qd3 Qb4 36. Qc3 Qxc3 37. Bxc3 Kf7 38. Kf1 Ke6 39. Ke2 Bc5 40. b4 Bb5+ 41.
Ke1 Bd6 42. Bg4+ f5 43. Bf3 g5 44. g4 Be5 0-1

[Event "Titled Tue 1st Jul Late"]
[Site "chess.com INT"]
[Date "2025.07.01"]
[Round "3"]
[White "Borges, Wagner da Silva"]
[Black "Bagheri, Maziar"]
[Result "0-1"]
[WhiteTitle "CM"]
[BlackTitle "FM"]
[WhiteElo "2062"]
[BlackElo "2287"]
[WhiteFideId "2100401"]
[BlackFideId "12530913"]
[EventDate "2025.07.01"]

1. c4 Nf6 2. g3 g6 3. Bg2 Bg7 4. Nc3 O-O 5. d3 c5 6. e4 Nc6 7. Nge2 d6 8. Be3
Ng4 9. Bg5 h6 10. Bd2 Nd4 11. h3 Ne5 12. Nxd4 cxd4 13. Nd5 Nxd3+ 14. Kf1 Nxb2
15. Qb3 e6 16. Nb4 a5 17. Qxb2 axb4 18. Bxb4 Qe8 19. Bxd6 Qc6 20. Bxf8 Qxc4+ 21.
Kg1 Kxf8 22. Rc1 Qa4 23. Kh2 Bd7 24. Qxb7 Kg8 25. Rc7 Be8 26. e5 Rd8 27. Rc8
Rxc8 28. Qxc8 Kh7 29. Rc1 Bxe5 30. Bc6 Bxc6 31. Qxc6 Qxa2 32. Qf3 Qa7 33. Rc8
Kg7 34. Qe4 Bf6 35. Ra8 Qc5 36. Rb8 d3 37. Kg2 d2 38. Qd3 Qc6+ 39. Kh2 Qc1 0-1

[Event "Titled Tue 1st Jul Late"]
[Site "chess.com INT"]
[Date "2025.07.01"]
[Round "3"]
[White "Perossa, Nicolas"]
[Black "Assaad, Joe"]
[Result "0-1"]
[WhiteTitle "FM"]
[BlackTitle "CM"]
[WhiteElo "2286"]
[BlackElo "2170"]
[WhiteFideId "2850520"]
[BlackFideId "5310504"]
[EventDate "2025.07.01"]

1. e4 Nf6 2. e5 Nd5 3. d4 d6 4. Nf3 dxe5 5. Nxe5 c6 6. c4 Nb4 7. Be3 Bf5 8. Na3
Nd7 9. Nd3 e5 10. Nc2 Nxc2+ 11. Qxc2 exd4 12. Bxd4 Bb4+ 13. Bc3 Qe7+ 14. Be2
Bxc3+ 15. Qxc3 O-O-O 16. Nc1 h5 17. O-O h4 18. Bf3 Ne5 19. Qe3 Kb8 20. Qf4 g6
21. Re1 f6 22. Nb3 Ka8 23. c5 Rd3 24. Be4 Rdd8 25. Bxf5 gxf5 26. Qxf5 Qg7 27.
Kh1 Rhg8 28. g3 Rd5 29. Qe4 hxg3 30. fxg3 Rh8 31. Re2 Qxg3 32. Qg2 Qh4 33. Rg1
Rdd8 34. Qg3 Qh5 35. Reg2 a6 36. Qf2 Nf3 37. Rf1 Ng5 38. Qxf6 Ne4 39. Qf5 Ng3+
40. Rxg3 Qxh2# 0-1

[Event "Titled Tue 1st Jul Late"]
[Site "chess.com INT"]
[Date "2025.07.01"]
[Round "3"]
[White "Habans Aguerrea, Javier"]
[Black "Sargsyan, Shant"]
[Result "0-1"]
[WhiteTitle "IM"]
[BlackTitle "GM"]
[WhiteElo "2448"]
[BlackElo "2669"]
[WhiteFideId "24524689"]
[BlackFideId "13306766"]
[EventDate "2025.07.01"]

1. d4 g6 2. e4 Nf6 3. e5 Nh5 4. Nf3 d6 5. Bc4 Bg7 6. O-O dxe5 7. Nxe5 Bxe5 8.
dxe5 Qxd1 9. Rxd1 Nc6 10. Nc3 Bg4 11. f3 Be6 12. Bxe6 fxe6 13. g4 Ng7 14. Bh6
Rg8 15. f4 Nd8 16. Nb5 Kf7 17. Rd7 a6 18. Nxc7 Rc8 19. Rad1 Nc6 20. Bg5 h5 21.
h3 Rh8 22. Kg2 Rh7 23. R1d6 hxg4 24. hxg4 Rch8 25. Rxc6 Rh2+ 26. Kf1 bxc6 27.
Rxe7+ Kg8 28. Rxg7+ Kxg7 29. Bf6+ Kf7 30. Bxh8 Rxh8 31. Nxa6 Ra8 32. Nb4 c5 33.
Nd3 Rxa2 34. Nxc5 Rxb2 35. c4 Rc2 36. Ne4 Ke7 37. Nd6 Kd7 38. f5 gxf5 39. gxf5
exf5 40. Nxf5 Rxc4 41. Ke2 Ke6 42. Ne3 Ra4 43. Kd3 Rh4 44. Nc4 Kd5 45. Nd2 Rh3+
46. Ke2 Kxe5 47. Nf3+ Kf4 48. Nd2 Re3+ 49. Kd1 Re8 50. Kc2 Ke3 51. Nc4+ Kd4 52.
Nd2 Re2 53. Kd1 Kd3 54. Nf3 Rf2 55. Ne1+ Kc3 56. Kc1 Rd2 57. Nf3 Ra2 58. Kd1 Rb2
59. Ne1 Rf2 60. Kc1 Rh2 61. Kd1 Ra2 62. Nf3 Kc4 63. Ne1 Kd4 64. Nf3+ Ke3 65. Ne1
Ra1+ 0-1

[Event "Titled Tue 1st Jul Late"]
[Site "chess.com INT"]
[Date "2025.07.01"]
[Round "3"]
[White "Rustemov, Alexander"]
[Black "Wartiovaara, Oliver"]
[Result "1-0"]
[WhiteTitle "GM"]
[BlackTitle "FM"]
[WhiteElo "2525"]
[BlackElo "2323"]
[WhiteFideId "4119002"]
[BlackFideId "513024"]
[EventDate "2025.07.01"]

1. d4 d5 2. c4 dxc4 3. Nf3 Nf6 4. e3 Bg4 5. Bxc4 e6 6. h3 Bh5 7. Nc3 Nc6 8. O-O
Bd6 9. Re1 O-O 10. g4 Bg6 11. e4 Bb4 12. Bg5 h6 13. Bh4 Be7 14. Bg3 Bb4 15. Bh4
Be7 16. Bxf6 Bxf6 17. e5 Na5 18. Bd3 Be7 19. Bxg6 fxg6 20. Qd3 c5 21. Rad1 cxd4
22. Nxd4 Bc5 23. Kg2 Qh4 24. Qg3 Qxg3+ 25. fxg3 Kf7 26. Ne4 Bxd4 27. Rxd4 Ke7
28. Nd6 Rad8 29. Rb4 b6 30. Rc1 Rd7 31. Rf4 Rxf4 32. gxf4 Nb7 33. Nxb7 Rxb7 34.
Kf3 Rd7 35. Ke4 g5 36. f5 Rd2 37. Rc7+ Ke8 38. Rxg7 Re2+ 39. Kd4 Rxb2 40. f6
Rxa2 41. Re7+ Kf8 42. Rxe6 1-0

[Event "Titled Tue 1st Jul Late"]
[Site "chess.com INT"]
[Date "2025.07.01"]
[Round "3"]
[White "Ragger, Markus"]
[Black "Goncharov, Vladimir"]
[Result "1-0"]
[WhiteTitle "GM"]
[WhiteElo "2566"]
[BlackElo "2077"]
[WhiteFideId "1610856"]
[BlackFideId "34162256"]
[EventDate "2025.07.01"]

1. d4 Nf6 2. c4 e6 3. Nf3 Bb4+ 4. Nbd2 d5 5. Qa4+ Nc6 6. a3 Be7 7. Qc2 O-O 8. e3
Re8 9. Bd3 Bf8 10. O-O g6 11. b4 e5 12. dxe5 Nxe5 13. Nxe5 Rxe5 14. Bb2 Rh5 15.
Be2 Rf5 16. Rad1 c6 17. e4 Rf4 18. Be5 Rh4 19. Bg3 Nxe4 20. Nxe4 Bf5 21. f3 Qe7
22. Bxh4 Qxh4 23. g4 dxe4 24. gxf5 e3 25. Qe4 Qg5+ 26. Qg4 Qf6 27. fxg6 hxg6 28.
Rd7 Re8 29. Rfd1 Bh6 30. f4 Kg7 31. Rxb7 Bxf4 32. Rf1 Re4 33. Qf3 Qe5 34. Kh1 g5
35. Qh5 Qf6 36. c5 Rd4 37. b5 cxb5 38. c6 Qxc6+ 39. Bf3 Qc4 40. Rg1 e2 41. Rxg5+
Bxg5 42. Qxg5+ Kh7 43. Qf5+ Kg7 44. Qe5+ Kh7 45. Bxe2 Qc6+ 46. Kg1 1-0

[Event "Titled Tue 1st Jul Late"]
[Site "chess.com INT"]
[Date "2025.07.01"]
[Round "3"]
[White "Sabuk, Piotr"]
[Black "Tasic, Vladimir"]
[Result "1-0"]
[WhiteTitle "IM"]
[WhiteElo "2321"]
[BlackElo "2208"]
[WhiteFideId "1137565"]
[BlackFideId "919667"]
[EventDate "2025.07.01"]

1. d4 g6 2. e4 Bg7 3. Nc3 a6 4. g3 b5 5. Bg2 Bb7 6. Nge2 d6 7. O-O Nd7 8. a4 b4
9. Nd5 a5 10. Re1 e6 11. Ne3 Ne7 12. c3 O-O 13. cxb4 axb4 14. Bd2 c5 15. dxc5
dxc5 16. Qc2 Ne5 17. Red1 Qa5 18. f4 N5c6 19. Nc4 Qa7 20. Be3 Nd4 21. Nxd4 cxd4
22. Bf2 Rac8 23. Qb3 Ba6 24. Nd6 Rb8 25. e5 Nf5 26. Nxf5 gxf5 27. Bxd4 Qc7 28.
Rac1 Qa5 29. Rc5 Qd8 30. Rc6 Bb7 31. Rd6 Qa5 32. Bb6 Qa8 33. Bxb7 Rxb7 34. a5
Rfb8 35. Rd8+ Bf8 36. Qc4 Rxb6 37. Rxf8+ Rxf8 38. axb6 Qf3 39. Re1 Rb8 40. Qxb4
Qc6 41. Rd1 Qxb6+ 42. Qxb6 Rxb6 43. Rd2 Rb3 44. Kf2 Kg7 45. Ke2 Kg6 46. Kd1 f6
47. Kc2 Rb7 48. Rd6 Re7 49. exf6 Kxf6 50. b4 Rb7 51. Kb3 h5 52. Kc4 Rb8 53. b5
Rc8+ 54. Rc6 Ra8 55. b6 Ra2 56. Kc5 Ke7 57. b7 Rc2+ 58. Kb6 1-0

[Event "Titled Tue 1st Jul Late"]
[Site "chess.com INT"]
[Date "2025.07.01"]
[Round "3"]
[White "Noroozi, Omid"]
[Black "Gimeno Martos, Roberto"]
[Result "1/2-1/2"]
[WhiteTitle "IM"]
[BlackTitle "CM"]
[WhiteElo "2266"]
[BlackElo "2090"]
[WhiteFideId "12501190"]
[BlackFideId "2226804"]
[EventDate "2025.07.01"]

1. c4 c6 2. Nf3 Nf6 3. Nc3 g6 4. e4 d6 5. d4 Bg7 6. Bd3 O-O 7. O-O e5 8. dxe5
dxe5 9. Nxe5 Nxe4 10. Nxe4 Bxe5 11. Bg5 Qd4 12. Bc2 Bf5 13. Qxd4 Bxd4 14. Rad1
Bg7 15. b3 h6 16. Be3 Na6 17. h3 h5 18. Bd4 Rfd8 19. Bxg7 Kxg7 20. Bb1 Rxd1 21.
Rxd1 Bxe4 22. Bxe4 Nc5 23. Bf3 a5 24. Rd6 Re8 25. Kf1 Re7 26. Bd1 Ne6 27. g3 Ng5
28. h4 Ne4 29. Rd8 Nc3 30. Rd2 Ne4 31. Rc2 Kf6 32. a3 Nd6 33. Bf3 Nf5 34. Rd2
Ng7 35. b4 axb4 36. axb4 Ne6 37. b5 cxb5 38. cxb5 Nc5 39. Rd6+ Re6 40. Rd8 Rb6
41. Be2 Ne6 42. Rb8 Nc7 43. Bf3 Nxb5 44. Rxb7 Rxb7 45. Bxb7 Nd6 46. Bd5 Nf5 47.
Kg2 Ne7 48. Ba2 Nf5 49. Kf3 Ng7 50. Kf4 Nf5 51. f3 Ng7 52. g4 hxg4 53. fxg4 Ne8
54. g5+ Kg7 55. Kg4 f6 56. gxf6+ Nxf6+ 57. Kg5 Ne4+ 58. Kf4 Nf6 59. Bb1 Nh5+ 60.
Kg5 Ng3 61. Bxg6 Ne2 62. h5 Kh8 63. h6 Nf4 64. Kxf4 Kg8 65. Ke5 Kh8 66. Bd3 Kg8
67. Kf6 Kh8 68. Kg5 Kg8 69. Be2 Kh8 70. Kf6 Kg8 71. Bd3 Kh8 72. Kg6 Kg8 73. h7+
Kh8 74. Kf6 1/2-1/2

[Event "Titled Tue 1st Jul Late"]
[Site "chess.com INT"]
[Date "2025.07.01"]
[Round "3"]
[White "Rajaram, Rohan"]
[Black "Vijayakumar, Rishi"]
[Result "0-1"]
[WhiteTitle "CM"]
[BlackTitle "FM"]
[WhiteElo "2164"]
[BlackElo "2333"]
[WhiteFideId "30940729"]
[BlackFideId "2408953"]
[EventDate "2025.07.01"]

1. c4 Nf6 2. e3 c5 3. b3 Nc6 4. Bb2 d5 5. Nf3 d4 6. exd4 cxd4 7. d3 e5 8. Nbd2
Bc5 9. Be2 O-O 10. a3 a5 11. O-O Re8 12. Ng5 h6 13. Nge4 Nxe4 14. Nxe4 Bf8 15.
Qc2 Bf5 16. Ng3 Bg6 17. Rad1 f5 18. Bf3 Qg5 19. Rfe1 Rad8 20. Bd5+ Kh7 21. Bc1
Qf6 22. f4 Bd6 23. Qf2 exf4 24. Bxf4 Bxa3 25. h3 Bb4 26. Rf1 Re7 27. Bd2 Rf8 28.
Bxc6 bxc6 29. Bxb4 axb4 30. Ne2 Re3 31. Nf4 Bf7 32. Ne2 Bh5 33. Rde1 Rfe8 34.
Nf4 Bf7 35. Qd2 Qe5 36. Rc1 g5 37. Qxb4 gxf4 38. Qb7 Re7 39. Qxc6 Re2 40. b4 Re6
41. Qb7 Rg6 42. Qf3 Rg3 0-1

[Event "Titled Tue 1st Jul Late"]
[Site "chess.com INT"]
[Date "2025.07.01"]
[Round "3"]
[White "Aakash, G"]
[Black "Yang, Larry"]
[Result "1-0"]
[WhiteTitle "FM"]
[WhiteElo "2123"]
[BlackElo "2017"]
[WhiteFideId "25644394"]
[BlackFideId "2637618"]
[EventDate "2025.07.01"]

1. d4 Nf6 2. c4 g6 3. Nf3 Bg7 4. Nc3 d5 5. cxd5 Nxd5 6. e4 Nxc3 7. bxc3 c5 8.
Be2 O-O 9. O-O Nc6 10. d5 Ne5 11. Be3 Qc7 12. h3 b6 13. Nxe5 Qxe5 14. Rc1 Bb7
15. Qc2 e6 16. f4 Qc7 17. c4 exd5 18. cxd5 f5 19. Bc4 Kh8 20. e5 b5 21. Bxb5
Bxd5 22. Bxc5 Rfc8 23. Qf2 Qa5 24. Bd7 Rc7 25. Bb4 Qxb4 26. Rxc7 Bxa2 27. Kh1
Bd5 28. Rfc1 h6 29. e6 Qa3 30. Kh2 Qd6 31. Qg3 Kh7 32. Bc8 Bxe6 33. R1c6 Qxc7
34. Rxc7 Rxc8 35. Rxa7 Rb8 36. Qc3 Rg8 37. Qf6 Bd5 38. h4 h5 39. Qg5 Be4 40. Ra6
Bh6 41. Qe7+ Rg7 42. Qd6 Rg8 43. Ra7+ Rg7 44. Ra8 Rg8 45. Qe7+ Rg7 46. Qe8 Bxf4+
47. g3 g5 48. Qxh5# 1-0

[Event "Titled Tue 1st Jul Late"]
[Site "chess.com INT"]
[Date "2025.07.01"]
[Round "3"]
[White "Sadykov, Ramil"]
[Black "Tabatabaei, M. Amin"]
[Result "0-1"]
[WhiteTitle "FM"]
[BlackTitle "GM"]
[WhiteElo "2264"]
[BlackElo "2655"]
[WhiteFideId "24113590"]
[BlackFideId "12521213"]
[EventDate "2025.07.01"]

1. e4 c6 2. d4 d5 3. e5 Bf5 4. c4 e6 5. Nc3 Ne7 6. Nf3 Nd7 7. cxd5 Nxd5 8. Bd3
Bb4 9. Qc2 Qa5 10. Bd2 Bg4 11. Ng5 c5 12. O-O h6 13. Nge4 O-O 14. a3 Bxc3 15.
bxc3 cxd4 16. cxd4 Qb6 17. Qa4 Qd8 18. Nd6 N7b6 19. Qb3 Qh4 20. a4 Bh5 21. a5
Nc8 22. Ne4 Bg6 23. f4 Nce7 24. Rac1 Nf5 25. Qb2 Rfd8 26. Rf3 Qe7 27. g4 Nxd4
28. Qxd4 Nxf4 29. Nd6 Nxd3 30. Rxd3 Bxd3 31. Qxd3 Qh4 32. Qf3 Rd7 33. Rf1 Rf8
34. Bb4 b6 35. a6 Qg5 36. Kg2 Qxe5 37. Nc4 Qb5 38. Bxf8 Qxc4 39. Qa8 Rd2+ 40.
Kg3 Kh7 41. Rf4 Qc3+ 42. Qf3 Rd3 0-1